00317nam a2200121Ia 4500008004100000100001500041245004100056260003500097300000900132650002900141942000800170999001700178190216s9999||||xx |||||||||||||| ||und|| aAgarwal Op 0aNational Defence Academy Examination b"Avadh Prakashan , Agra"c1984 a247p aNational Defence Academy cREF c35560d35560